Devine l'animé en 3 mots #1 - Statistiques

Statistiques générales
  • Ce quiz a été pris 450 fois
  • Le résultat moyen est 7 sur 10
Statistiques - réponses
3 mots Série % Correct
Pikachu, Capture, Arène Pokémon
99%
Ninja, Konoha, Ramen Naruto
98%
Pirates, Aventure, Trésor One Piece
98%
Saiyan, Combat, Boules Dragon Ball
96%
Démon, Katana, Famille Demon Slayer
88%
Carnet, Intellect, Justice Death Note
85%
Titans, Mur, Bataille L'attaque des Titans
75%
Famille, Humour, Springfield Les Simpson
68%
Multivers, Science, Chaos Rick et Morty
21%
Satire, Aventure, École South Park
7%
Aucun quiz correspondant
Distribution des résultats
% des personnes avec chaque résultat
Percentile par nombre de réponses
Votre historique - résultats
Vous n’avez pas pris ce quiz